000
00263nam a22001097a 4500
999
_c
167260
_d
167260
082
_a
_b
245
_a
Encyclopaedia of teaching of social studies/
_c
by Vashist S R (ed.).
260
_a
New Delhi:
_b
Anmol,
_c
1993.
300
_a
331p.
650
_a
942
_c
BK